| 000 | 01865nam a2200241Ia 4500 | ||
|---|---|---|---|
| 008 | 260220t2009||||xx |||||||||||||| ||spa|| | ||
| 040 |
_aPY-SlUNAC _bspa _erda |
||
| 041 | _aspa | ||
| 082 |
_a633.88 _bV58p |
||
| 100 |
_aVera Jiménez, María _eAutor |
||
| 245 | 0 |
_aPlantas medicinales de tres áreas silvestres protegidas y su zona de influencia en el sureste de Paraguay / _cpor María Vera Jiménez [Autor] |
|
| 264 |
_aAsunción : _bFundación Moisés Bertoni, _c℗2009. |
||
| 300 | _a1 volumen | ||
| 520 | _aEl libro de María Vera Jiménez aborda la riqueza de las plantas medicinales presentes en tres áreas silvestres protegidas y sus zonas de influencia en el sureste de Paraguay. A través de un enfoque etnobotánico, se documentan las especies más relevantes utilizadas por las comunidades locales, resaltando sus aplicaciones tradicionales en la medicina popular. La obra se apoya en la recopilación de datos mediante entrevistas a habitantes de la región, quienes comparten sus conocimientos sobre el uso de estas plantas en tratamientos de diversas dolencias. Además, se analiza la importancia de la conservación de estas especies en su hábitat natural y su relación con la biodiversidad. La autora también discute los retos que enfrentan las áreas protegidas, incluyendo la presión urbana y la explotación de recursos naturales. Este trabajo no solo contribuye al conocimiento sobre la flora medicinal de Paraguay, sino que también subraya la necesidad de integrar el conocimiento tradicional en estrategias de conservación y desarrollo sostenible. | ||
| 653 | _aBiodiversidad | ||
| 653 | _aConservación de la naturaleza | ||
| 653 | _aPlantas medicinales | ||
| 942 |
_b2026/02/17 _cBK |
||
| 999 |
_c8673 _d8673 |
||